Robbins and Cotran Review of Pathology / Fourth Edition (Record no. 3112)
[ view plain ]
| 000 -LEADER | |
|---|---|
| fixed length control field | 01444cam a22002174a 4500 |
| 005 - ΗΜΕΡΟΜΗΝΙΑ ΚΑΙ ΩΡΑ ΤΕΛΕΥΤΑΙΑΣ ΕΝΗΜΕΡΩΣΗΣ | |
| Πεδίο ελέγχου | 20250605164105.0 |
| 008 - FIXED-LENGTH DATA ELEMENTS--GENERAL INFORMATION | |
| Πεδίο ελέγχου σταθερού μήκους | 250528s ||||||||||||||||||||||||d |
| 035 ## - SYSTEM CONTROL NUMBER | |
| System control number | 17711 |
| 020 ## - ISBN | |
| ISBN | 9781455751556 |
| 040 ## - ΠΗΓΗ ΚΑΤΑΛΟΓΟΓΡΑΦΗΣΗΣ | |
| Φορέας πρωτότυπης καταλογογράφησης | MC Athens Campus Library |
| Γλώσσα καταλογογράφησης | Ελληνικά, Μοντέρνα (1453-) |
| Modifying agency | MC Athens Campus Library |
| Κανόνες περιγραφικής καταλογογράφησης | AACR2 |
| 245 1# - ΤΙΤΛΟΣ ΚΑΙ ΔΗΛΩΣΗ ΥΠΕΥΘΥΝΟΤΗΤΑΣ | |
| Τίτλος | Robbins and Cotran Review of Pathology / Fourth Edition |
| 250 ## - EDITION STATEMENT | |
| Edition statement | 4th |
| 260 ## - PUBLICATION, DISTRIBUTION, ETC. | |
| Name of publisher, distributor, etc. | Elsevier Saunders, |
| Date of publication, distribution, etc. | 2015 |
| 300 ## - PHYSICAL DESCRIPTION | |
| Extent | 492 |
| 520 ## - SUMMARY, ETC. | |
| Summary, etc. | Effectively master the most important principles and facts in pathology with this easy-to-use edition. The Cell as a Unit of Health and Disease, Cellular Pathology, Inflammation and Repair, Inflammation and Repair, Hemodynamic Disorders, Genetic Disorders, Immune System Disorders, Neoplastic Disorders, Infectious Disorders, Environmental and Nutritional Disorders, Diseases of Infancy and Childhood, Diseases of Organ Systems, Blood Vessels, The Heart, Hematopathology of White Blood Cells, Hematopathology of Red Blood Cells and Bleeding Disorders, The Lung, Head and Neck, Gastrointestinal Tract, Liver and Biliary Tract, Pancreas, Kidney, The Lower Urinary Tract and Male Genital System, Female Genital Tract, The Breast, The Endocrine System, The Skin, Bones and Joints and Soft Tissue Tumors, Peripheral Nerve and Skeletal Muscle, Central Nervous System, The Eye, Final Review and Assessment. |
| 700 1# - ΠΡΟΣΘΕΤΗ ΑΝΑΓΡΑΦΗ--ΦΥΣΙΚΟ ΠΡΟΣΩΠΟ | |
| Personal name | Klatt Edward C |
| 9 (RLIN) | 3896 |
| 700 1# - ΠΡΟΣΘΕΤΗ ΑΝΑΓΡΑΦΗ--ΦΥΣΙΚΟ ΠΡΟΣΩΠΟ | |
| Personal name | Kumar Vinay |
| 9 (RLIN) | 3897 |
| 942 ## - ADDED ENTRY ELEMENTS (KOHA) | |
| Koha item type | Books |
| Τύπος τεκμηρίου | Βιβλιοθήκη | Τρέχουσα τοποθεσία | Barcode | Αριθμός εισαγωγής | Ημερομηνία απόκτησης | Ταξιθετικό σύμβολο | Αριθμός αντιτύπου | Κατάσταση απόσυρσης | Κατάσταση χαμένου | Κατάσταση κατεστραμμένου | Μη δανεισμός | Σύνολο δανεισμών | Ημερομηνία τελευταίας εμφάνισης | Η τιμή ισχύει από |
|---|---|---|---|---|---|---|---|---|---|---|---|---|---|---|
| Books | MC Athens Campus Library | MC Athens Campus Library | 9780000031112 | 6083 | 05/06/2025 | 616.07076 KUM | 1 | 05/06/2025 | 05/06/2025 |